000 00663nam a2200241Ia 4500
003 OSt
005 20220918212137.0
006 a|||||r|||| 00| 0
007 ta
008 220917b |||||||| |||| 00| 0 eng d
024 _a127,434
037 _cTextual
040 _aARTS
_cARTS
_beng
041 _2eng
_aeng
082 _aW6.4653.N81-N48, M2
100 _aShimshoni D
_9122649
245 0 _aIsrael democracy
_b The middle of the Journey
260 _aN York
_bFree press
_c1982
300 _axxi, 543p.
_ccm.
650 _aPOLITICAL SCIENCE
942 _hW6.4653.N81-N48, M2
_cTEXL
_2CC
999 _c250576
_d250576